000 00907nam0a22002411 4500
001 rc\2680377
005 20260407053954.0
035 _a(NLR Aleph) 006808774
090 _a6321075
_c6321075
100 _a20110915d1932 |||y0rusy50 ca
101 0 _arus
102 _aRU
105 _aa z |||||
200 1 _aПрименение рядовых зерновых сеялок для междурядной обработки овощных культур при конной тяге
210 _aМосква
_cизд. и тип. изд-ва Мособлисполкома
_d1932
215 _a8 с., включ. тит. л.
_cил.
_d17х12 см.
710 0 2 _aМосковский областной земельный отдел
_9546200
_3RU\NLR\AUTH\8810024058
801 0 _aRU
_bNLR
_gpsbo
801 1 _aRU
_bELAR
_2rusmarc
852 _aNLR
_j32-8/10243
942 _cBOOK
980 _aNB